(KHMER) Saving money / (Record no. 49686)
| 000 -LEADER | |
|---|---|
| fixed length control field | 00332nam a2200121 4500 |
| 020 ## - INTERNATIONAL STANDARD BOOK NUMBER | |
| International Standard Book Number | 9789924350545 |
| 100 ## - MAIN ENTRY--PERSONAL NAME | |
| Personal name | Yan, Sreylin |
| 9 (RLIN) | 86231 |
| 245 ## - TITLE STATEMENT | |
| Title | (KHMER) Saving money / |
| Statement of responsibility, etc | Sreylin Yan |
| 260 ## - PUBLICATION, DISTRIBUTION, ETC. (IMPRINT) | |
| Place of publication, distribution, etc | Cambodia |
| Name of publisher, distributor, etc | S.J. Metta Karuna |
| Date of publication, distribution, etc | 2024 |
| 300 ## - PHYSICAL DESCRIPTION | |
| Extent | 20 p. |
| Other physical details | col. ill. |
| Dimensions | 22 cm. |
| 650 ## - SUBJECT ADDED ENTRY--TOPICAL TERM | |
| Topical term or geographic name as entry element | Khmer Fiction Book |
| 9 (RLIN) | 80281 |
| 942 ## - ADDED ENTRY ELEMENTS (KOHA) | |
| Source of classification or shelving scheme | |
| Koha item type | Book |
| Withdrawn status | Lost status | Source of classification or shelving scheme | Damaged status | Not for loan | Collection code | Home library | Current library | Shelving location | Date acquired | Total Checkouts | Full call number | Barcode | Date last seen | Date checked out | Price effective from | Koha item type |
|---|---|---|---|---|---|---|---|---|---|---|---|---|---|---|---|---|
| Siem Riep | Asian Hope Siem Reap | Asian Hope Siem Reap | SECONDARY | 10/29/2025 | 1 | KHMER E YAN | 209441 | 04/30/2026 | 04/23/2026 | 10/29/2025 | Book |